000 00900nam a2200301Ia 4500
003 OSt
005 20220912145348.0
006 a|||||r|||| 00| 0
007 ta
008 220909b |||||||| |||| 00| 0 eng d
020 _a9780763709167 (pbk)
024 _a81639
037 _b135, 04/09/2008, Narosa Book Distributors Pvt. Ltd.
037 _cTextual
040 _aCSL
_beng
_cCSL
041 _aeng
082 _aG11, P8
100 _aTropp Burton E
245 0 _aMolecular biology: Genes to proteins
250 _a3
260 _aBoston
_bJones & Bartlett Publishers
_c2008
300 _axxiv, 1000p.
_ccm.
500 _aIncludes bibliographical references.; Index 973-1000p.
650 _a Molecular biology
650 _aZoology
942 _hG11, P8
_cTEXL
_2CC
999 _c29911
_d29911